| 000 | 00513cam a2200193ua 4500 | ||
|---|---|---|---|
| 020 | _c15.00 | ||
| 041 |
_aeng _h |
||
| 082 |
_a519.5 _bCRO/AP |
||
| 100 | _aCroxton, Frederick E . | ||
| 245 |
_aApplied general statistics / _cFrederick E Croxton. _hTextual Documents |
||
| 250 |
_a2 / _b. |
||
| 260 |
_aNew Delhi : _bPrentice Hall of India Pvt Ltd. , _c1966. |
||
| 300 |
_a843 : _b506 ; . |
||
| 365 | _a15.00 | ||
| 504 | _a | ||
| 700 | 1 | _aCowden, Dudley J . | |
| 942 | _cBK | ||
| 999 |
_c10507 _d10507 |
||